Statistiques concernant Noms de famille les plus courants

Cliquez ici pour prendre le quiz!

Statistiques générales

  • Ce quiz a été pris 11 442 fois
  • Le résultat moyen est 8 sur 50

Statistiques - réponses

NombreNom de famille% Correct
63 035Dupont
78%
228 857Martin
72%
99 641Durand
48%
85 489Michel
29%
105 463Petit
27%
120 573Bernard
25%
54 107Francois
25%
98 951Dubois
25%
57 127Blanc
22%
53 523Legrand
20%
108 141Thomas
20%
102 950Robert
20%
87 941Simon
17%
48 972Henry
17%
88 803Laurent
15%
58 158Lefevre
15%
66 763Bertrand
14%
99 920Richard
14%
57 349Andre
14%
48 764Mathieu
13%
82 522Lefebvre
13%
49 022Nicolas
12%
60 751Vincent
12%
69 212David
12%
94 261Moreau
12%
79 204Leroy
11%
69 685Roux
11%
50 448Clément
11%
54 468Chevalier
10%
63 026Lambert
10%
62 193Rousseau
10%
62 869Fontaine
9%
51 818Perrin
9%
52 739Garcia
9%
53 168Gauthier
9%
66 417Morel
9%
64 031Girard
8%
65 758Fournier
8%
49 974Morin
8%
58 811Muller
8%
57 294Mercier
7%
51 038Robin
7%
58 097Faure
7%
56 244Garnier
6%
56 839Guerin
6%
63 085Bonnet
6%
48 889Roussel
6%
48 304Gautier
6%
48 076Masson
6%
56 246Boyer
5%

Distribution des résultats

Percentile par nombre de réponses

% des personnes avec chaque résultat

Votre développement - résultats

Vous n’avez pas pris ce quiz